Los masones: la sociedad secreta más poderosa de la tierra
Gardado en:
| Autor Principal: | |
|---|---|
| Formato: | Libro |
| Idioma: | Lingua castelá |
| Publicado: |
Buenos Aires
B Argentina
2000
|
| Edición: | 1a. ed |
| Subjects: | |
| Tags: |
Engadir etiqueta
Sen Etiquetas, Sexa o primeiro en etiquetar este rexistro!
|
MARC
| LEADER | 00000cam a2200000 a 4500 | ||
|---|---|---|---|
| 001 | UCK5384 | ||
| 003 | CL-VaPUC | ||
| 008 | 050722e20000000AG |||||||||||||||||spa|d | ||
| 020 | |a 9501521257 | ||
| 082 | 0 | 4 | |a 366.1 |b RID |2 21 |
| 100 | 0 | |a Ridley, Jasper |e author |9 494174 | |
| 245 | 1 | 4 | |a Los masones: la sociedad secreta más poderosa de la tierra |
| 250 | |a 1a. ed | ||
| 300 | |a 397 p | ||
| 942 | |c BK | ||
| 945 | |d 20050722 00:00:00 |a cmena | ||
| 260 | |a Buenos Aires |b B Argentina |c 2000 | ||
| 650 | 0 | |a Masonería |9 256238 | |
| 650 | 0 | |a Sectas |9 320072 | |
| 583 | |a last modification |c 20151103 12:13:29 |k Rodrigo Vera | ||
| 999 | |c 313954 |d 313952 | ||
| 952 | |0 0 |1 0 |4 0 |6 366_100000000000000_RID_2000 |7 0 |8 A |9 385791 |a BIBHIS |b BIBHIS |d 2019-11-22 |i 4147987 |o 366.1 RID 2000 |p 4147987 |r 2025-01-20 |w 2019-11-22 |y BK |k HIS | ||
| 952 | |0 0 |1 0 |3 erb |4 0 |6 366_100000000000000_RID_2000 |7 0 |8 A |9 385792 |a BIBHIS |b BIBHIS |i 5210011 |o 366.1 RID 2000 |p 5210011 |r 2025-01-20 |w 2019-11-22 |y BK |z Catalogado en:20151106 |k HIS | ||